Поезд удовольствий (Запись № 11173743)

Подробности
000 -МАРКЕР
контрольное поле 02133ncm0a2200457 4500
001 - ИДЕНТИФИКАТОР ЗАПИСИ
контрольное поле RU\NLR\ONIZ\215519
005 - ИДЕНТИФИКАТОР ВЕРСИИ
контрольное поле 20250626044942.0
021 ## - НОМЕР ГОСУДАРСТВЕННОЙ РЕГИСТРАЦИИ
Код страны Российская Федерация
Номер 10-37н
Номер Листа государственной регистраци 10-5н
035 ## - ДРУГИЕ СИСТЕМНЫЕ НОМЕРА
Идентификатор записи RU\NLR\ONIZ\GALA\5000029283\20161109122614
035 ## - ДРУГИЕ СИСТЕМНЫЕ НОМЕРА
Идентификатор записи (NLR Aleph) 011337875
071 20 - ИЗДАТЕЛЬСКИЙ НОМЕР
Номер, присвоенный агентством DSCH
100 ## - ДАННЫЕ ОБЩЕЙ ОБРАБОТКИ
Данные общей обработки 20161109d2009 |||y0rusy50 ca
101 0# - ЯЗЫК РЕСУРСА
Язык текста, звукозаписи и т.д. русский
102 ## - СТРАНА ПУБЛИКАЦИИ ИЛИ ПРОИЗВОДСТВА
Страна публикации Российская Федерация
125 ## - ПОЛЕ КОДИРОВАННЫХ ДАННЫХ: ЗВУКОЗАПИСИ И НОТНЫЕ ИЗДАНИЯ
Форма изложения нотного текста ax
200 1# - ЗАГЛАВИЕ И СВЕДЕНИЯ ОБ ОТВЕТСТВЕННОСТИ
Основное заглавие Поезд удовольствий
Общее обозначение материала Ноты
Параллельное заглавие The pleasure train
Сведения, относящиеся к заглавию полька
-- [для симф. орк.]
-- соч. 281
Язык параллельного заглавия английский
Первые сведения об ответственности И. Штраус
Последующие сведения об ответственности иструм. Д. Шостаковича (1941)
-- коммент. М. Якубова
205 ## - СВЕДЕНИЯ ОБ ИЗДАНИИ
Сведения об издании 1-е изд.
208 ## - ОБЛАСТЬ СПЕЦИФИЧЕСКИХ СВЕДЕНИЙ: НОТНЫЕ ИЗДАНИЯ
Форма изложения нотного текста Партитура
210 ## - ПУБЛИКАЦИЯ, РАСПРОСТРАНЕНИЕ И ДР.
Место издания, распространения и т.д. Москва
Имя издателя, распространителя и т. д. DSCH
Дата издания, распространения и т.д. 2009
215 ## - ФИЗИЧЕСКАЯ ХАРАКТЕРИСТИКА
Специфическое обозначение материала и объем 46 с.
Другие сведения о физической характеристике факс.
Размеры 29 см
225 1# - СЕРИЯ
Основное заглавие серии Архив Д. Д. Шостаковича
300 ## - ОБЩИЕ ПРИМЕЧАНИЯ
Текст примечания На с. 5: ст. О. Домбровской " К публикации польки И. Штрауса "Поезд удовольствий" в инструментовке Д. Д. Шостаковича рус., англ.
606 1# - НАИМЕНОВАНИЕ ТЕМЫ КАК ПРЕДМЕТ
Наименование темы Польки для оркестра
Географический подзаголовок Австрия
Хронологический подзаголовок 19 в.
Формальный подзаголовок Ноты
Код системы nlr_sh
686 ## - ИНДЕКСЫ ДРУГИХ КЛАССИФИКАЦИЙ
Индекс Щ951.1-058.55(4А)
Издание LBC/SL
Код системы
700 #1 - ИМЯ ЛИЦА - ПЕРВИЧНАЯ ОТВЕТСТВЕННОСТЬ
Системный номер авторитетной/нормативной записи z07790
Начальный элемент ввода Штраус
Часть имени, кроме начального элемента ввода И.
Дополнения к именам, кроме дат сын
Даты 1825-1899
Расширение инициалов личного имени Иоганн
Код отношения Композитор
Графика поля Кириллица
702 #1 - ИМЯ ЛИЦА - ВТОРИЧНАЯ ОТВЕТСТВЕННОСТЬ
Системный номер авторитетной/нормативной записи z04790
Начальный элемент ввода Шостакович
Часть имени, кроме начального элемента ввода Д. Д.
Даты 1906-1975
Расширение инициалов личного имени Дмитрий Дмитриевич
Код отношения Редактор
Графика поля Кириллица
702 #1 - ИМЯ ЛИЦА - ВТОРИЧНАЯ ОТВЕТСТВЕННОСТЬ
Системный номер авторитетной/нормативной записи z05790
Начальный элемент ввода Якубов
Часть имени, кроме начального элемента ввода М.А.
Даты 1936-
Расширение инициалов личного имени Манашир Абрамович
Код отношения Редактор
702 #1 - ИМЯ ЛИЦА - ВТОРИЧНАЯ ОТВЕТСТВЕННОСТЬ
Системный номер авторитетной/нормативной записи z06790
Начальный элемент ввода Домбровская
Часть имени, кроме начального элемента ввода О. В.
Расширение инициалов личного имени Ольга Викторовна
Код отношения Автор сопроводительного материала
790 #1 - ИМЯ ЛИЦА - АЛЬТЕРНАТИВНАЯ ФОРМА
Системный номер авторитетной/нормативной записи z04702
Начальный элемент ввода Šostakovič
Часть имени, кроме начального элемента ввода D. D.
Даты 1906-1975
Расширение инициалов личного имени Dmitrij Dmitrievič
Код отношения Редактор
Графика поля Латинская
790 #1 - ИМЯ ЛИЦА - АЛЬТЕРНАТИВНАЯ ФОРМА
Системный номер авторитетной/нормативной записи z05702
Начальный элемент ввода Yakubov
Часть имени, кроме начального элемента ввода M.
Даты 1936-
Расширение инициалов личного имени Manashir
Код отношения Редактор
790 #1 - ИМЯ ЛИЦА - АЛЬТЕРНАТИВНАЯ ФОРМА
Системный номер авторитетной/нормативной записи z06702
Начальный элемент ввода Dombrovskaya
Часть имени, кроме начального элемента ввода O.
Расширение инициалов личного имени Ol'ga
Код отношения Автор сопроводительного материала
790 #1 - ИМЯ ЛИЦА - АЛЬТЕРНАТИВНАЯ ФОРМА
Системный номер авторитетной/нормативной записи z07700
Начальный элемент ввода Strauss
Часть имени, кроме начального элемента ввода J.
Дополнения к именам, кроме дат Sohn
Даты 1825-1899
Расширение инициалов личного имени Johann
Код отношения Композитор
Графика поля Латинская
801 #0 - ИСТОЧНИК ЗАПИСИ
Страна Российская Федерация
Организация NLR
Дата составления 20161109
Правила каталогизации PSBO
801 #1 - ИСТОЧНИК ЗАПИСИ
Страна Российская Федерация
Организация NLR
Дата составления 20161109
Источник данных rusmarc
801 #2 - ИСТОЧНИК ЗАПИСИ
Страна Российская Федерация
Организация NLR
Дата составления 20190630
852 ## - МЕСТОНАХОЖДЕНИЕ И ШИФР ХРАНЕНИЯ
Идентификатор организации NLR
Наименование фонда или коллекции (Sub-Location Identifier) М
Шифр хранения (Call Number) К-3/24435
Страна
Номер экземпляра 1
942 ## - ДОПОЛНИТЕЛЬНЫЕ ЭЛЕМЕНТЫ ЗАПИСИ (АБИС)
Тип экземпляра АБИС Ноты
980 ## - КОЛЛЕКЦИЯ
Название коллекции Национальная библиография
980 ## - КОЛЛЕКЦИЯ
Название коллекции Отдел нот и звукозаписей
Экземпляры
Тип экземпляра Дата поступления Библиотека постоянного хранения Библиотека текущего хранения Место хранения Шифр хранения Статус экземпляра
Ноты 09.11.2016 РНБ (Московский) РНБ (Московский) Фонд нот и звукозаписей К-3/24435 К-3/24435